Muʻjam al-shuʻarāʼ /

Saved in:

Main Author: Marzubānī, Muḥammad ibn ʻImrān, 909?-994? (Author)

Other Authors: Āmidī, al-Ḥasan ibn Bishr, -981 or 982.

Format: Book

Language: Arabic

Published: al-Qāhirah : Maktabat al-Qudsī, 1354 [1935].

Subjects:

Tags: Add Tag

No Tags, Be the first to tag this record!

Call Number: PJ7521 .M3 1935

LEADER 01659nam a2200265Ia 4500
003 OSt
005 20231011105827.0
008 130303s1935 ua 000 0cara d
952 |0 0  |1 0  |2 lcc  |4 0  |6 PJ7521 M3 01935  |7 1  |9 50394  |a ARCE  |b ARCE  |d 2023-10-11  |l 0  |o PJ7521 .M3 1935  |r 2023-10-11 00:00:00  |w 2023-10-11  |y BK 
999 |c 26646  |d 26646 
040 |c ARCE Library 
043 |a ma----- 
050 4 |a PJ7521 .M3 1935 
100 1 |6 880-01  |a Marzubānī, Muḥammad ibn ʻImrān,  |d 909?-994?,  |e author  |9 35508 
245 1 0 |6 880-02  |a Muʻjam al-shuʻarāʼ /   |c li-Abī ʻUbayd Allāh Muhạmmad ibn ʻImrān al-Marzubānī. wa-maʻahu al-Muʼtalif wa-al-mukhtalif fī asmāʼ al-shuʻarāʼ wa-kunāhum wa-alqābihim wa-ansābihim wa-baʻd ̣shiʻrihim / li-Abī al-Qāsim al-Hạsan ibn Bishr al-Āmidī ; bi-tasḥị̄h ̣wa-taʻlīq F. Krankaw. 
264 1 |a al-Qāhirah :   |b Maktabat al-Qudsī,   |c 1354 [1935]. 
300 |a 556 pages ;  |c 24 cm. 
500 |a "The Muʻjam al-shuʻarāʼ covers the letters ʻayn to yāʼ". 
650 0 |a Poets, Arab  |v Biography. 
700 1 2 |a Āmidī, al-Ḥasan ibn Bishr,  |d -981 or 982.  |t Muʼtalif wa-al-mukhtalif. 
740 2 |a Muʼtalif wa-al-mukhtalif. 
880 1 |6 100-01/(3/r  |a مرزباني، محمد بن عمران,  |d 909-994? 
880 1 0 |6 245-02/(3/r  |a معجم الشعراء   |c لأبي عبيدالله محمد بن عمران المرزباني. ومعه المؤتلف والمختلف في أسماء الشعراء وكناهم وألقابهم وأنسابهم وبعض شعرهم / لأبي القاسم الحسن بن بشر الآمدي ؛ بتصحيح وتعليق ف. كرنكو 
901 |a reviewed 
942 |c BK  |2 lcc